| 000 | 00486cam a2200145 4500500 | ||
|---|---|---|---|
| 005 | 20260111093126.0 | ||
| 041 | _afre | ||
| 042 | _adc | ||
| 100 | 1 | 0 |
_aMiossec, Alain _eauthor |
| 245 | 0 | 0 | _aMers et littoraux face aux perspectives des énergies marines renouvelables |
| 260 | _c2014. | ||
| 500 | _a38 | ||
| 786 | 0 | _nLa Géographie | 1553 | 2 | 2014-04-01 | p. 6-13 | 1964-9002 | |
| 856 | 4 | 1 | _uhttps://shs.cairn.info/revue-la-geographie-2014-2-page-6?lang=fr&redirect-ssocas=7080 |
| 999 |
_c1625442 _d1625442 |
||